| 000 | 00764nam a2200205 a 4500 | ||
|---|---|---|---|
| 001 | 000047429 | ||
| 005 | 20260305073956.0 | ||
| 008 | 150817s2017 dr 000 0 spa d | ||
| 020 | _a9789945590616 | ||
| 040 |
_aDO-SdBNP _bspa _cBNPHU |
||
| 082 |
_axxxx _bC569 |
||
| 245 | 0 | 3 |
_aLa ciencia política sobre América Latina : _bdocencia e investigación en perspectiva comparada / _ceditora Flavia Freidenberg ; prólogo Leonel Fernández. |
| 260 |
_aSanto Domingo : _bFUNGLODE, _c2017. |
||
| 300 |
_a695 p. : ; _c24 cm. |
||
| 490 | 1 |
_aCiencia y tecnología; _v2 |
|
| 590 | _aInventariado, 2018/ YL | ||
| 700 | 1 | 2 |
_aFernández, Leonel, _d1953- _eprol. _97291 |
| 710 | 2 |
_aFundación Global Democracía y Desarrollo _925477 |
|
| 830 | 0 |
_aCiencia y tecnología ; _n2 _975064 |
|
| 999 |
_c46917 _d46917 |
||